000 01061nam a22002537a 4500
005 20170124103039.0
010 _aA-706118
020 _c60.00
035 _aA-706118
037 _bCen Lib/Ret
040 _aDPL
_bHN
082 _a
_bगंगाप्र
100 _aगंगा प्रसाद विमल
_93639
245 _aवन् कथा /
_cगंगा प्रसाद विमल
246 _aVan katha
_b by Ganga Prasad Vimal
260 _a दिल्ली
_bशाश्वत प्रकाशन
_c1994
270 _a5452, शिव मार्किट न्यू चंद्रावल जवाहर नगर
_b दिल्ली
_e110007
300 _a119पृष्ठ.
_c20सेमी(सजिल्द)
650 _aहिंदी साहित्य
_966514
650 _aहिंदीकहानी -बल्गारिया
_966515
650 _aHindi literature
_966516
650 _ahindi story Bulgaria
_966517
942 _2ddc
_cHN
_h
_mगंगाप्र
999 _c116435
_d116435